Samochody wyprodukowane w największych ilościach - Statystyki

Ogólne statystyki
  • Ten quiz został rozwiązany 637 razy
  • Średni wynik to 3 z 10
Statystyki odpowiedzi
Kraj pochodzenia Ilość szt. Odpowiedź % Poprawnych
USA 16,5 mln. Ford T
76%
USA 30 mln. Ford F
63%
Niemcy 25 mln. Volkswagen Golf
56%
Niemcy 14 mln. Volkswagen Passat
47%
Japonia 32 mln. Toyota Corolla
43%
Japonia 17,7 mln. Honda Civic
27%
Niemcy 21 mln. Volkswagen Garbus
19%
Japonia 16 mln. Honda Accord
10%
USA 20 mln. Ford Escort
3%
USA 14 mln. Chevrolet Impala
2%
Nie znaleziono quizów pasujących do podanych kryteriów
Rozkład punktacji
Procent ludzi z każdym wynikiem
Percentyl według liczby udzielonych odpowiedzi
Twoja historia wyników
Nie rozwiązałeś tego quizu